| Tag |
First Indicator |
Second Indicator |
Subfields |
| LEADER |
00000cam a2200000Ma 4500 |
| 001 |
in00003542221 |
| 006 |
m o d |
| 007 |
cr nn||||||||| |
| 008 |
121227s1992 mau o 000 0 eng d |
| 005 |
20260422203219.2 |
| 020 |
|
|
|a 9781461534242 (electronic bk.)
|
| 020 |
|
|
|a 1461534240 (electronic bk.)
|
| 035 |
|
|
|a (OCoLC)840285152
|
| 040 |
|
|
|a I9W
|b eng
|e pn
|c I9W
|d OCLCQ
|d GW5XE
|d OCLCF
|d UtOrBLW
|
| 049 |
|
|
|a TXAM
|
| 050 |
|
4 |
|a QH442
|
| 082 |
0 |
4 |
|a 611.01816
|2 23
|
| 100 |
1 |
|
|a Setlow, Jane K.
|
| 245 |
1 |
0 |
|a Genetic Engineering :
|b Principles and Methods /
|c edited by Jane K. Setlow.
|
| 264 |
|
1 |
|a Boston, MA :
|b Springer US :
|b Imprint :
|b Springer,
|c 1992.
|
| 300 |
|
|
|a 1 online resource (304 pages)
|
| 336 |
|
|
|a text
|b txt
|2 rdacontent
|
| 337 |
|
|
|a computer
|b c
|2 rdamedia
|
| 338 |
|
|
|a online resource
|b cr
|2 rdacarrier
|
| 490 |
1 |
|
|a Genetic Engineering, Principles and Methods, 0196-3716 ;
|v 14
|
| 500 |
|
|
|a Electronic resource.
|
| 650 |
|
0 |
|a Genetic engineering.
|
| 650 |
|
0 |
|a Cloning.
|
| 650 |
|
0 |
|a DNA.
|
| 650 |
|
7 |
|a Cloning.
|2 fast
|0 (OCoLC)fst00864579
|
| 650 |
|
7 |
|a DNA.
|2 fast
|0 (OCoLC)fst00886555
|
| 650 |
|
7 |
|a Genetic engineering.
|2 fast
|0 (OCoLC)fst00940027
|
| 655 |
|
7 |
|a Electronic books.
|2 local
|
| 710 |
2 |
|
|a SpringerLink (Online service)
|
| 830 |
|
0 |
|a Genetic Engineering, Principles and Methods, ;
|v 14.
|
| 856 |
4 |
0 |
|u http://proxy.library.tamu.edu/login?url=https://link.springer.com/10.1007/978-1-4615-3424-2
|z Connect to the full text of this electronic book
|t 0
|
| 994 |
|
|
|a 92
|b TXA
|
| 999 |
|
|
|a MARS
|
| 999 |
f |
f |
|s 7052205d-ca95-3097-8bd0-cf72e8b39b7d
|i 9e363c9c-cecb-3f86-9080-cb0512007365
|t 0
|
| 952 |
f |
f |
|a Texas A&M University
|b College Station
|c Electronic Resources
|s www_evans
|d Available Online
|t 0
|e QH442
|h Library of Congress classification
|
| 998 |
f |
f |
|a QH442
|t 0
|l Available Online
|